000 00464cam a2200181ua 4500
001 1724
008 110716n ii |||gr||||Z||||||eng
040 _cMAIN
082 _a338.1
100 _aJain, S. C.,
_eAuthor.
245 1 _aProblems and indian agricultural
_cby S. C. Jain
250 _a1st.
260 _aAllahabad:
_bKitab Mahal.
300 _a192p:
_c23cm.
653 _aEconomics
653 _aProblems and policies of indian agricultural
942 _cBK
999 _c1608
_d1608